000
00272nam a2200109Ia 4500
008
220204s9999 xx 000 0 und d
082
_a
075
_b
KAM
100
_a
Kampmann, Lother
245
0
_a
Creating with colored ink
260
_a
New York
_b
Van Nostrand
_c
1968
942
_c
BK
999
_c
32085
_d
32085